Statistiques concernant Pays sans sites du patrimoine mondial de l'UNESCO

Cliquez ici pour prendre le quiz!

Statistiques générales

  • Ce quiz a été pris 137 fois
  • Le résultat moyen est 3 sur 7

Statistiques - réponses

ContinentPays% Correct
Amérique du sudGuyana
84%
AfriqueSomalie
48%
AfriqueSoudan du sud
47%
AsieBhoutan
42%
AfriqueGuinée-Bissau
42%
AfriqueLiberia
37%
AfriqueSierra Leone
37%

Distribution des résultats

Percentile par nombre de réponses

% des personnes avec chaque résultat

Votre développement - résultats

Vous n’avez pas pris ce quiz